00537cam6a220019300 4500001001200000008004100012010001600053035001900069035002100088035002200109050001600131082001200147100002900159245006100188260003700249504002900286650002200315004000600337lce00637324700901s1968 ohua b 000 0 eng  a 68012556 a(Sirsi) r45435 a(DLC) 68012556 a(UPRA)lce006373240 aTA403b.K42 a620.1/11 aKeyser, Carl A.6A3150.110aMaterials science in engineering /c[by] Carl A. Keyser. aColumbus, OH :bMerrill,c[1968] aIncludes bibliographies. 0aMaterials.6S45.145435